Testgyakorlás VI. osztály

Elmentve itt :
Bibliográfiai részletek
Dokumentumtípus: Cikk
Megjelent: 1942
Sorozat:Gyakorlati pedagógia 7 No. 4
Kulcsszavak:Torna - gyakorlatok, Testnevelés tanítása - általános iskola, Óravázlat, Pedagógia - gyakorlati
Tárgyszavak:
Online Access:http://acta.bibl.u-szeged.hu/52326
LEADER 00678nab a2200181 i 4500
001 acta52326
005 20250401081234.0
008 180524s1942 hu o 000 hun d
040 |a SZTE Egyetemi Kiadványok Repozitórium  |b hun 
041 |a hun 
245 0 0 |a Testgyakorlás   |h [elektronikus dokumentum] :  |b VI. osztály 
260 |c 1942 
300 |a 132-133 
490 0 |a Gyakorlati pedagógia  |v 7 No. 4 
650 4 |a Társadalomtudományok 
650 4 |a Oktatástudomány 
695 |a Torna - gyakorlatok, Testnevelés tanítása - általános iskola, Óravázlat, Pedagógia - gyakorlati 
856 4 0 |u http://acta.bibl.u-szeged.hu/52326/1/gyakorlati_1942_004_132-133.pdf  |z Dokumentum-elérés